Normal view
MARC view
- Sanzotta, Donald.
Entry Personal Name
001 - CONTROL NUMBER
- control field: 6753
003 - CONTROL NUMBER IDENTIFIER
- control field: OSt
005 - DATE AND TIME OF LATEST TRANSACTION
- control field: 20170522114704.0
008 - FIXED-LENGTH DATA ELEMENTS
- fixed length control field: 170522|| aca||aabn | a|a d
040 ## - CATALOGING SOURCE
- Original cataloging agency: OSt
- Transcribing agency: OSt
100 ## - HEADING--PERSONAL NAME
- Personal name: Sanzotta, Donald.
670 ## - SOURCE DATA FOUND
- Source citation: Work cat.: (OSt): Sanzotta, Donald., Motivational theories & applications for managers /, c1977.

PORTAL AKMAL
E-MEL JKDM
AKMAL2U
G-BAM
u-PUSTAKA